000 00349nam a2200157Ia 4500
008 210210b1944 xxu||||| |||| 00| 0 eng d
041 _aeng
082 _a320/626
100 _aWILKIE (Wendell)
245 _aOne world
260 _a
_bNot Mentioned
_c1944
650 _aworld
650 _aOne
690 _aPolitical Science
906 _a003259
999 _c118596
_d118596